Astronomía y navegación en España: siglo XVI-XVIII

Gorde:
Xehetasun bibliografikoak
Egile nagusia: González González, Francisco José (Egilea)
Formatua: Liburua
Hizkuntza:gaztelania
Argitaratua: Madrid MAPFRE 1992
Gaiak:
Etiketak: Etiketa erantsi
Etiketarik gabe, Izan zaitez lehena erregistro honi etiketa jartzen!

MARC

LEADER 00000nam a2200000 a 4500
001 UCX6967
003 CL-VaPUC
008 930902e19920000SP |||||||||||||||||spa|d
082 0 4 |a 946  |b GON  |2 21 
100 0 |a González González, Francisco José  |e author  |9 323674 
245 1 0 |a Astronomía y navegación en España: siglo XVI-XVIII 
300 |a 283 p 
942 |c BK 
945 |d 19930902 00:00:00 
260 |a Madrid  |b MAPFRE  |c 1992 
650 0 |a Astronomía  |9 260985 
650 0 |a Navegación   |9 255384 
650 7 |a HISTORIA SIGLO 16  |2 CL-VaPUC  |9 266637 
651 0 |a España  |9 254926 
583 |a last modification  |c 19930902 00:00:00  |k Rodrigo Vera 
999 |c 226897  |d 226895 
952 |0 0  |1 0  |4 0  |6 946_000000000000000_GON_1992  |7 0  |8 A  |9 225552  |a BIBHIS  |b BIBHIS  |d 2019-11-15  |i 2942313  |l 1  |o 946 GON 1992  |p 2942313  |r 2025-01-20  |s 2024-08-29  |w 2019-11-15  |y BK  |k HIS